| 000 | 00369cam a22001217a 4500 | ||
|---|---|---|---|
| 008 | 180718b1958 xxu||||| |||| 00| 0 eng d | ||
| 082 | _aCox54074 C392 | ||
| 100 | _aChatterji, Amiya | ||
| 245 |
_aConstitutional development of India: 1937-1947 _cby Amiya Chatterji |
||
| 260 |
_aCalcutta _bMukhopadhyay _c1958 |
||
| 300 | _a299p. | ||
| 650 | _aConstitutional History - India | ||
| 999 |
_c362198 _d362198 |
||